[Event "RSA-ch Seniors"]
[Site "Cape Town"]
[Date "2024.03.30"]
[Round "7"]
[White "Galleid, Stephen"]
[Black "Willenberg, Roland C"]
[Result "0-1"]
[WhiteElo "1756"]
[BlackElo "1770"]
[PlyCount "102"]
[EventDate "2024.03.25"]
[EventType "tourn"]
[EventRounds "11"]
[EventCountry "RSA"]
[SourceTitle "CB14_2024"]
[SourceDate "2024.04.01"]
[SourceVersion "1"]
[SourceVersionDate "2024.04.01"]
[SourceQuality "1"]

1. d4 d5 2. Nc3 Nf6 3. Bf4 a6 4. e3 e6 5. Nf3 Nh5 6. Bd3 Nxf4 7. exf4 Bd6 8. Ne5 g6 9. Ne2 c5 10. dxc5 Bxe5 11. fxe5 Qa5+ 12. c3 Qxc5 13. Qd2 Nc6 14. f4 Bd7 15. Rc1 b5 16. h4 h5 17. Rh3 Qb6 18. Rg3 0-0-0 19. b3 Kb8 20. Qe3 Qxe3 21. Rxe3 Ka7 22. c4 dxc4 23. bxc4 b4 24. Ng3 Nd4 25. Ne4 Nf5 26. Rh3 Bc6 27. Bb1 Rd4 28. Ng5 Nh6 29. g3 Rhd8 30. Rh2 Ba4 31. Rb2 a5 32. Ne4 Nf5 33. Kf2 Bc6 34. Re2 Bxe4 35. Bxe4 Rc8 36. c5 Ne7 37. Bf3 Nd5 38. Rb2 Nc3 39. a3 Na4 40. Ke3 Nxb2 41. Kxd4 Rd8+ 42. Ke4 bxa3 43. Rc3 Rd3 44. Rc1 a2 45. c6 Rd8 46. Ra1 Na4 47. Ke3 Nc3 48. Bg2 Kb6 49. Bf3 Kc7 50. Bg2 Rd1 51. Bf3 Rd8 0-1

[Event "RSA-ch Seniors"]
[Site "Cape Town"]
[Date "2024.03.26"]
[Round "2"]
[White "Galleid, Stephen"]
[Black "Bouah, Lyndon"]
[Result "0-1"]
[WhiteElo "1756"]
[BlackElo "2007"]
[PlyCount "58"]
[EventDate "2024.03.25"]
[EventType "tourn"]
[EventRounds "11"]
[EventCountry "RSA"]
[SourceTitle "CB14_2024"]
[SourceDate "2024.04.01"]
[SourceVersion "1"]
[SourceVersionDate "2024.04.01"]
[SourceQuality "1"]

1. d4 Nf6 2. Nc3 d5 3. Bf4 e6 4. e3 a6 5. Nf3 c5 6. Ne5 Nc6 7. g4 Qb6 8. Nxc6 bxc6 9. g5 Nd7 10. Na4 Qa5+ 11. c3 cxd4 12. exd4 c5 13. dxc5 Nxc5 14. Nxc5 Bxc5 15. Bd3 Qb6 16. Qe2 Bd7 17. a4 Bd6 18. Bg3 0-0 19. a5 Qc6 20. Qh5 g6 21. Qf3 e5 22. Qf6 Rfe8 23. Bc2 d4 24. 0-0 Re6 25. Ba4 Qb7 26. Qxe6 Bxe6 27. cxd4 Bh3 28. f3 Bxf1 29. Rxf1 Qxb2 0-1

[Event "RSA-ch Seniors"]
[Site "Cape Town"]
[Date "2024.03.25"]
[Round "1"]
[White "Lewis, Mark MM"]
[Black "Galleid, Stephen"]
[Result "0-1"]
[WhiteElo "1861"]
[BlackElo "1756"]
[PlyCount "105"]
[EventDate "2024.03.25"]
[EventType "tourn"]
[EventRounds "11"]
[EventCountry "RSA"]
[SourceTitle "CB14_2024"]
[SourceDate "2024.04.01"]
[SourceVersion "1"]
[SourceVersionDate "2024.04.01"]
[SourceQuality "1"]

1. d4 c6 2. e4 d5 3. e5 c5 4. c3 Nc6 5. a3 cxd4 6. cxd4 Bf5 7. Nf3 e6 8. Nc3 Qb6 9. Bd3 Bg4 10. Na4 Qc7 11. Be2 Nge7 12. 0-0 Nf5 13. Be3 Be7 14. Rc1 0-0 15. b4 a6 16. Qd2 Bxf3 17. Bxf3 Nxe3 18. Qxe3 h6 19. Be2 Rac8 20. Rc3 Qb8 21. Nb6 Rc7 22. Rfc1 Qa7 23. Na4 Qxd4 24. Bxa6 Qxe3 25. fxe3 Rd7 26. Bb5 Bg5 27. Rd1 d4 28. Bxc6 dxc3 29. Re1 c2 30. Bxd7 c1Q 31. Rxc1 Bxe3+ 32. Kf1 Bxc1 33. Nc5 Bxa3 34. Nd3 Rd8 35. Bb5 Rd4 36. Ke2 Bxb4 37. Ke3 Bc3 38. g3 b6 39. Bc6 Rd8 40. Be4 b5 41. Bc6 Rb8 42. Nc1 Bxe5 43. Nb3 Rb6 44. Bd7 Rb7 45. Bc6 Rc7 46. Ke4 Rxc6 47. Kxe5 f6+ 48. Kd4 Rc4+ 49. Kd3 e5 50. Kd2 Kf7 51. Kd3 Ke6 52. h3 Kd5 53. Ke3 0-1

[Event "RSA-ch Seniors"]
[Site "Cape Town"]
[Date "2022.05.08"]
[Round "3"]
[White "Galleid, Stephen"]
[Black "Gabriels, Zaid"]
[Result "1-0"]
[WhiteElo "1578"]
[BlackElo "1357"]
[PlyCount "122"]
[EventDate "2022.05.07"]
[EventType "tourn"]
[EventRounds "9"]
[EventCountry "RSA"]
[SourceTitle "CBM 208 Extra"]
[Source "ChessBase"]
[SourceDate "2022.07.31"]
[SourceVersion "1"]
[SourceVersionDate "2022.07.31"]
[SourceQuality "1"]

1. d4 c6 2. Bf4 Nf6 3. e3 d6 4. Bd3 Nbd7 5. Nf3 h6 6. h3 Qb6 7. Nbd2 c5 8. 0-0 e6 9. Nc4 Qc7 10. a4 Be7 11. Bh2 0-0 12. Be2 b6 13. dxc5 Qxc5 14. Bxd6 Bxd6 15. Qxd6 Ne4 16. Qxc5 Ndxc5 17. Rfd1 Bb7 18. Nd4 Bd5 19. a5 Rab8 20. axb6 axb6 21. Ra7 Rfd8 22. Ne5 Rb7 23. Raa1 Nd6 24. f3 f6 25. Nec6 Rdd7 26. b4 Rbc7 27. c4 Nxc4 28. Rdc1 Nxe3 29. bxc5 Bxc6 30. cxb6 Rb7 31. Nxc6 Rxb6 32. Rab1 Rxb1 33. Rxb1 f5 34. f4 Rc7 35. Ne5 Nd5 36. g3 Rc2 37. Bh5 g5 38. Bf7+ Kg7 39. Bxe6 Ne3 40. Kh1 Kf6 41. Bb3 Rf2 42. Nd3 Rd2 43. Nb4 gxf4 44. gxf4 Ng2 45. Nd5+ Rxd5 46. Bxd5 Nxf4 47. Bg2 Ne2 48. Re1 Nd4 49. Kg1 Kg5 50. Kf2 Kf4 51. Re8 h5 52. Rh8 Kg5 53. Rg8+ Kf6 54. h4 Ne6 55. Bf3 Ng7 56. Rxg7 Kxg7 57. Bxh5 Kf6 58. Kf3 Ke5 59. Be8 f4 60. h5 Kf6 61. Bg6 Ke5 1-0

[Event "RSA-ch Seniors"]
[Site "Cape Town"]
[Date "2019.12.13"]
[Round "7"]
[White "Pick, Deon D"]
[Black "Galleid, Stephen"]
[Result "1-0"]
[WhiteElo "1807"]
[BlackElo "1588"]
[PlyCount "41"]
[EventDate "2019.12.07"]
[EventType "tourn"]
[EventRounds "11"]
[EventCountry "RSA"]
[SourceTitle "CBM 193 Extra"]
[Source "ChessBase"]
[SourceDate "2020.01.31"]
[SourceVersion "1"]
[SourceVersionDate "2020.01.31"]
[SourceQuality "1"]

1. e4 e6 2. d4 d5 3. e5 c5 4. c3 Qb6 5. Nf3 Nc6 6. Be2 Bd7 7. 0-0 a5 8. Re1 cxd4 9. cxd4 Bb4 10. Nc3 Nh6 11. a3 Be7 12. Bxh6 gxh6 13. Qd2 a4 14. Rab1 Bf8 15. Bd1 Qa5 16. Bxa4 Nxe5 17. Nxe5 Bxa4 18. Qf4 Qc7 19. Nxd5 exd5 20. Nxf7+ Kd7 21. Qf5+ 1-0

[Event "Western Province-chT"]
[Site "Cape Town"]
[Date "2018.08.04"]
[Round "1"]
[White "Galleid, Stephen"]
[Black "Elliott, Mats"]
[Result "1-0"]
[WhiteElo "1554"]
[BlackElo "1752"]
[PlyCount "73"]
[EventDate "2018.08.04"]
[EventType "team-tourn"]
[EventRounds "11"]
[EventCountry "RSA"]
[SourceTitle "EXT 2020"]
[Source "ChessBase"]
[SourceDate "2019.10.17"]
[SourceVersion "1"]
[SourceVersionDate "2019.10.17"]
[SourceQuality "1"]
[WhiteTeam "Manyanani"]
[BlackTeam "Cape Town Univ"]
[WhiteTeamCountry "RSA"]
[BlackTeamCountry "RSA"]

1. d4 Nf6 2. Bf4 e6 3. e3 d5 4. Nd2 c5 5. c3 b6 6. Bd3 Be7 7. Ngf3 0-0 8. Qe2 Nc6 9. Ne5 Nxe5 10. dxe5 Nd7 11. Qh5 f5 12. exf6 Nxf6 13. Qe2 Nd7 14. Bg3 c4 15. Bc2 e5 16. h4 e4 17. Nxe4 dxe4 18. Qxc4+ Kh8 19. Qxe4 Nf6 20. Qxa8 Qd7 21. Rd1 Qb5 22. Qxa7 Bc5 23. Qa4 Qxb2 24. Qb3 Ba3 25. Rb1 Qxb3 26. axb3 Rd8 27. Bc7 Rd7 28. Bxb6 Bb7 29. 0-0 Rd2 30. Bf5 g6 31. Bh3 Ne4 32. Bd4+ Kg8 33. Be6+ Kf8 34. Ra1 Bb2 35. Ra7 Bc6 36. Rc7 Be8 37. Bg7# 1-0